000 00526nam a2200181Ia 4500
999 _c16519
_d16519
003 OSt
005 20200606115930.0
008 190216s9999||||xx |||||||||||||| ||und||
020 _a9788190532334
040 _cMESKC library
082 _a891.433
_bKAM/I
100 _aKamalesh, Kamtha
_9412
245 0 _aIndradanush /
_cKamtha Kamalesh
260 _bShilpayan Publishans end Distributions,
_c2007.
_aDelhi:
300 _a119p
650 _aHindi
942 _cBK
_2ddc
_h891.433
_iKAM/I
_k891.433
_mKAM/I